Filosofía de la guerra (Registro nro. 133210)

Detalles MARC
000 -LEADER
campo de control de longitud fija 00751nam a2200181 4500
001 - NÚMERO DE CONTROL
campo de control 133210
003 - IDENTIFICADOR DE NÚMERO DE CONTROL
campo de control ES-MaACL
005 - FECHA Y HORA DE LA ÚLTIMA TRANSACCIÓN
campo de control 20250824063042.0
007 - CAMPO FIJO DE DESCRIPCIÓN FÍSICA--INFORMACIÓN GENERAL
campo de control de longitud fija t|
008 - DATOS DE LONGITUD FIJA--INFORMACIÓN GENERAL
campo de control de longitud fija 070214s1917 sp r ||||1| spa d
100 1# - ENTRADA PRINCIPAL--NOMBRE DE PERSONA
Nombre de persona Rubió y Bellvé, Mariano,
Fechas asociadas al nombre 1862-1938
9 (RLIN) 100453
245 10 - MENCIÓN DEL TÍTULO
Título Filosofía de la guerra
Resto del título : juicios, observaciones y comentarios relativos a la gran lucha de las naciones /
Mención de responsabilidad, etc. M. Rubió y Bellvé ; prólogo de Miguel S. Oliver.
Número de parte o sección de la obra , . I,
Nombre de parte o sección de la obra Artículos publicados en La Vanguardia de Barcelona durante los años 1915 y 1916.
260 ## - PUBLICACIÓN, DISTRIBUCIÓN, ETC.
Lugar de publicación, distribución, etc. Barcelona :
Nombre del editor, distribuidor, etc. Minerva,
Fecha de publicación, distribución, etc. [1917]
300 ## - DESCRIPCIÓN FÍSICA
Extensión 433 p. ;
Dimensiones 18 x 12 cm.
700 1# - ENTRADA AGREGADA--NOMBRE PERSONAL
Nombre de persona Oliver, Miquel dels Sants,
Fechas asociadas al nombre 1864-1920
9 (RLIN) 86825
852 ## - LOCALIZACIÓN
Ubicación ES-MaACL
Número de control de estantería F-607
Existencias
Estatus retirado Estado de pérdida Estado de daño No para préstamo Biblioteca de origen Biblioteca actual Ubicación en estantería Fecha de adquisición Fuente de adquisición Total de préstamos Signatura topográfica completa Código de barras Visto por última vez Precio de reemplazo Tipo de ítem Koha
        Biblioteca del Ateneo de Madrid Biblioteca del Ateneo de Madrid Depósito 2 17/01/2008     F-607 1138676 23/02/2023 23/02/2023 Libro impreso